000 006760000a22001810004500
090 _aAR
_b00626
245 1 0 _aPlan de manejo del Parque Nacional Natural Corales del Rosario
650 1 4 _aAreas protegidas
_978
650 1 4 _aPlanes de manejo
_992725
650 1 4 _aConservación de los recursos naturales
_993724
651 4 _lParque Nacional Natural Corales del Rosario
_dBolivar
_pColombia
_992749
041 0 _aEspañol
700 1 _aPinilla A., Gabriel Antonio
_993606
700 1 _aLeón Sicard, Tomas Enrique
_97351
100 1 _aAlvarado Chacón, Elvira María
_944138
942 _cARTICULO
773 1 _tSeminario Nacional en Ciencias y Tecnologías del Mar
_3245
_q1-9
_d1990
999 _c9718
_d9718